000 00400nam a22001457a 4500
999 _c5025
_d5025
008 201005b ||||| |||| 00| 0 eng d
082 0 0 _223rd ed.
_a920
_bN396
100 _91749
_aNehru, Jawaharlal
245 1 0 _aJawaharlal Nehru,an autobiography /
_cby Jawaharlal Nehru
250 _a1st ed.
260 _aLondon:
_bBodley Head,
_c1953.
300 _a.
650 0 _aBiography-J.L.Nehru
942 _cBK